000 00592nam a2200229Ia 4500
001 3370
005 20240113233625.0
007 ta
008 050502s1909 a g b000 u eng u
040 _aCotton College,Assam
041 _aeng
082 _a821
_bDAT
100 _aDatta, Roby .
245 0 _aEchoes From East And West /
_cRoby Datta.
_hTextual Documents
250 _aIst ed /
260 _aCambridge :
_bGalloway And Porter ,
_c1909.
300 _a335p. :
_bill ;
_c19cm .
653 _aEast And West
942 _2ddc
_cBK
999 _c3358
_d3358